000 01658nam a2200241Ia 4500
999 _c52452
_d52452
001 19475
003 GE_BSU
005 20210330135007.0
008 181216s2016||||ge |||||||||||||| ||geo||
040 _cGE_BSU
041 _ageo
080 _a51 ც-63
100 _aცინარიძე, ნინო
_910406
245 _a∑2(X,8)კლასის ნახევარმესერებით განსაზღვრული ბინარულ მიმართებათა სრული ნახევარჯგუფები /
_cნინო ცინარიძე; სამეცნიერო ხელმძღვანელი იაშა დიასამიძე; ბსუ, ფიზიკა-მათემატიკის და კომპიუტერულ მეცნიერებათა ფაკულტეტი.
264 _aბათუმი:
_bბსუ,
_c2016.
300 _a328 გვ.;
_b29 სმ.
653 _a∑2(X,8)კლასის ნახევარმესერებით განსაზღვრული ბინარულ მიმართებათა სრული ნახევარჯგუფები
653 _aდისერტაცია
653 _aმათემატიკა
700 _aდიასამიძე, იაშა
_eსამეცნიერო ხელმძღვანელი
_94093
710 _aბსუ
_bფიზიკა-მათემატიკის და კომპიუტერულ მეცნიერებათა ფაკულტეტი
_910845
942 _cBK
_2udc